Citazioni - Statistics

Statistiche generali
  • Questo quiz è stato fatto 68 volte
  • Il punteggio medio è 4 su 15
Statistiche sulle risposte
Aforisma Autore % Corretto
Tu quoque, Brute, fili mi! Giulio Cesare
86%
La mafia non è affatto invincibile. È un fatto umano e come tutti i fatti umani ha un inizio, e avrà anche una fine. Giovanni Falcone
82%
Qui si fa l’Italia o si muore. Giuseppe Garibaldi
75%
Quousque tandem abutere, Catilina, patientia nostra? Cicerone
51%
Uno spettro s'aggira per l'Europa. Karl Marx
42%
Io penso che un uomo senza utopia, senza sogno, senza ideali, vale a dire senza passioni e senza slanci sarebbe un mostruoso animale fatto semplicemente di istinto e di raziocinio, una specie di cinghiale laureato in matematica pura. Fabrizio De André
19%
Potevano scegliere tra la guerra e il disonore. Hanno scelto il disonore e avranno la guerra. Winston Churchill
16%
La mia solitudine non dipende dalla presenza o assenza di persone; al contrario, io odio chi ruba la mia solitudine, senza, in cambio, offrirmi una vera compagnia. Friedrich Nietzsche
12%
A volte è meglio tacere e sembrare stupidi che aprir bocca e togliere ogni dubbio. Oscar Wilde
12%
Il più solido piacere di questa vita è il piacer vano delle illusioni. Giacomo Leopardi
11%
Ci sono due tipi di artisti: quelli che vogliono passare alla storia e quelli che si accontentano di passare alla cassa. Giorgio Gaber
9%
Mens sana in corpore sano. Giovenale
9%
Datemi la libertà, o datemi la morte! Patrick Henry
5%
Ci sono certi sguardi di donna che l'uomo amante non scambierebbe con l'intero possesso del corpo di lei. Gabriele D'Annunzio
4%
Tutti pensano a cambiare il mondo, ma nessuno pensa a cambiar se stesso. Lev Tolstoj
4%
Nessun quiz corrispondente trovato
Distribuzione punteggi
Percentuale di utenti per punteggio
Percentile per numero di risposta
I tuoi punteggi nel tempo
Non hai fatto questo quiz